<?xml version="1.0" encoding="UTF-8"?>
<collection xmlns="http://www.loc.gov/MARC21/slim">
 <record>
  <leader>01362nam a2200241Ia 4500</leader>
  <controlfield tag="001">TDMU_19556</controlfield>
  <controlfield tag="008">210410s9999    xx            000 0 und d</controlfield>
  <datafield tag="082" ind1=" " ind2=" ">
   <subfield code="a">959.704</subfield>
  </datafield>
  <datafield tag="090" ind1=" " ind2=" ">
   <subfield code="b">TR121</subfield>
  </datafield>
  <datafield tag="100" ind1=" " ind2=" ">
   <subfield code="a">Trần, Bá Đệ</subfield>
  </datafield>
  <datafield tag="245" ind1=" " ind2="0">
   <subfield code="a">Giáo trình lịch sử Việt Nam</subfield>
  </datafield>
  <datafield tag="245" ind1=" " ind2="0">
   <subfield code="c">Trần Bá Đệ (Chủ biên), Lê Cung</subfield>
  </datafield>
  <datafield tag="245" ind1=" " ind2="0">
   <subfield code="n">Tập VII</subfield>
  </datafield>
  <datafield tag="245" ind1=" " ind2="0">
   <subfield code="p">Từ 1945 đến1975</subfield>
  </datafield>
  <datafield tag="260" ind1=" " ind2=" ">
   <subfield code="a">H.</subfield>
  </datafield>
  <datafield tag="260" ind1=" " ind2=" ">
   <subfield code="b">Đại học sư phạm</subfield>
  </datafield>
  <datafield tag="260" ind1=" " ind2=" ">
   <subfield code="c">2012</subfield>
  </datafield>
  <datafield tag="300" ind1=" " ind2=" ">
   <subfield code="a">337tr.</subfield>
  </datafield>
  <datafield tag="520" ind1=" " ind2=" ">
   <subfield code="a">Nội dung bao quát thời kì lịch sử từ sau thắng lợi kháng chiến chống Pháp (21-7-1954) đến thắng lợi kháng chiến chống Mĩ, cứu nước (30-4-1975), gồm 5 chương, trình bày thời kì nước ta tiến hành đồng thời hai chiến lược cách mạng xã hội chủ nghĩa ở miền Bắc và cách mạng dân tộc, dân chủ nhân dân ở miền Nam.; LS038; LS040</subfield>
   <subfield code="d">Tiến trình Lịch sử Việt Nam 3; LS</subfield>
   <subfield code="d">Lịch sử Việt Nam hiện đại</subfield>
  </datafield>
  <datafield tag="650" ind1=" " ind2=" ">
   <subfield code="a">Lịch sử Việt Nam</subfield>
   <subfield code="y">1945 - 1975</subfield>
   <subfield code="v">Giáo trình</subfield>
  </datafield>
  <datafield tag="700" ind1=" " ind2=" ">
   <subfield code="a">Lê, Cung</subfield>
  </datafield>
  <datafield tag="856" ind1=" " ind2=" ">
   <subfield code="u">http://lrc.tdmu.edu.vn/opac/search/detail.asp?aID=2&amp;ID=19556</subfield>
  </datafield>
  <datafield tag="980" ind1=" " ind2=" ">
   <subfield code="a">Trung tâm Học liệu Trường Đại học Thủ Dầu Một</subfield>
  </datafield>
 </record>
</collection>
